000 00266nam a22001217a 4500
008 170525b xxu||||| |||| 00| 0 eng d
041 _aeng
080 _a621.3
100 _a26
101 _aIM
245 _aSIGNAL PROCESING HANDBOOK
_cCHEN.C.H
942 _2udc
_cBK
999 _c14234
_d14234